| 000 | 00984cam a2200217 4500 | ||
|---|---|---|---|
| 001 | WB3829-01 | ||
| 008 | 020808n2002 000 0 eng u | ||
| 035 | _a(Sirsi) u119262 | ||
| 245 | _aConstruction orders fall | ||
| 260 | _c2002 | ||
| 490 |
_aDTI Press Release _v(C-0802) 8 August 2002 (2) |
||
| 520 | _aConstruction orders have fallen 18% in the Q2 of 2002 compared to the last quarter, according to the latest statistics issued by the Department of Trade and Industry. DTI explain the drop down to a return to relatively normal orders in the infrastructure sector following very high orders in this sector earlier in the year. DTI press release http://www.nds.coi.gov.uk/coi/coipress.nsf/4eb388ccc4bff3e880256bf4003360fb/981ec9894399220380256c0f0036e3a2?OpenDocument | ||
| 590 | _aWB | ||
| 650 | _aCONSTRUCTION ORDERS | ||
| 650 | _aCONSTRUCTION INDUSTRY | ||
| 650 | _aDTI | ||
| 650 | _aSTATISTICS | ||
| 650 | _aDOWNTURN | ||
| 690 | _aBUILT ENVIRONMENT | ||
| 942 | _n0 | ||
| 999 |
_c70927 _d70927 |
||